000 00676nam a2200277Ia 4500
005 20260324130126.0
008 008 260324s9999 xx 000 0 eng d
020 _a9781032682143
037 _aEBOOK
040 _aCRL
040 _beng
040 _cCRL
041 _2eng
041 _aeng
084 _qCRL
100 _aMissy Matthews; Lori Conrad; Patrick A. Allen; Cheryl Zimmerman
_91180606
245 0 _aPut Thinking to the Test
260 _bTaylor and Francis
260 _c2008
365 _a
365 _b120
856 _uhttp://www.taylorfrancis.com/books/9781032682143
942 _cEBOOK
999 _c1776487
_d1776487